Personagens de Stardew Valley - Statistics

Estatísticas Gerais
  • Esse quiz foi jogado 85 vezes
    25 desde o último reset
  • A pontuação média é 30 de 47
Estatísticas das Respostas
Imagem Resposta % Correto
Abigail
100%
Clint
89%
Alex
83%
Leah
83%
Sam
83%
Caroline
78%
Emily
78%
Junimo
78%
Pam
78%
Penny
78%
Robin
78%
Willy
78%
Anão
72%
Demetrius
72%
Gus
72%
Haley
72%
Harvey
72%
Jas
72%
Krobus
72%
Lewis
72%
Pierre
72%
Sandy
72%
Sebastian
72%
Vovô
72%
Elliott
67%
Feiticeiro
67%
Governador
67%
Kent
67%
Marnie
67%
Vincent
67%
Maru
61%
Evelyn
56%
George
56%
Jodi
56%
Leo
56%
Linus
56%
Gunther
50%
Segurança
50%
Shane
50%
Sr. QI
50%
Morris
44%
Marlon
39%
Passarinha
39%
Gil
33%
Ajudante
28%
Professor Caracol
28%
Fizz
17%
Nenhum quiz correspondente encontrado
Distribuição das Pontuações
Porcentagem de Pessoas com Cada Pontuação
Percentil de Números Respondidos
Sua Pontuação Histórica
Você não jogou esse quiz desde o último reset